आत्मदीपो भव (Record no. 113764)

MARC details
000 -LEADER
fixed length control field 00494nam a2200181Ia 4500
008 - FIXED-LENGTH DATA ELEMENTS--GENERAL INFORMATION
fixed length control field 090124s9999 xx 000 0 und d
082 ## - DEWEY DECIMAL CLASSIFICATION NUMBER
Item number 47469
100 ## - MAIN ENTRY--PERSONAL NAME
Personal name नायक दत्ता
245 ## - TITLE STATEMENT
Title आत्मदीपो भव
250 ## - EDITION STATEMENT
Edition statement 1
260 ## - PUBLICATION, DISTRIBUTION, ETC. (IMPRINT)
Date of publication, distribution, etc 2008
300 ## - PHYSICAL DESCRIPTION
Extent 164
600 ## - SUBJECT ADDED ENTRY--PERSONAL NAME
Personal name नायक दत्ता
630 ## - SUBJECT ADDED ENTRY--UNIFORM TITLE
Uniform title आत्मदीपो भव
700 ## - ADDED ENTRY--PERSONAL NAME
Personal name नायक दत्ता
730 ## - ADDED ENTRY--UNIFORM TITLE
Uniform title आत्मदीपो भव
942 ## - ADDED ENTRY ELEMENTS (KOHA)
Koha item type Book

No items available.